| 000 | 00791nam a2200217 a 4500 | ||
|---|---|---|---|
| 001 | 000035356 | ||
| 005 | 20200930074301.0 | ||
| 008 | 111027s1958 ag 000 0 spa d | ||
| 040 |
_aDO-SdBNP _bspa _cBNPHU |
||
| 082 |
_axxxx _bxxxx |
||
| 100 | 1 |
_aRussell, Bertrand _945737 |
|
| 245 | 1 | 0 |
_aAnálisis del espiritu / _cBertrand Russell ; traducción Eduardo Prieto. |
| 250 | _a2a ed. | ||
| 260 |
_aBuenos Aires, : _bPaidos, _c1958. |
||
| 300 |
_a319 p. ; _c18 cm. |
||
| 490 | 1 |
_aBiblioteca del hombre contemporáneo _v14 |
|
| 504 | _aIncluye referencias bibliográficas y notas al pie de las páginas | ||
| 590 | _aPerteneció a la biblioteca personal de Juan Isidro Jimenes Grullón | ||
| 700 | 1 |
_aPrieto, Eduardo, _etr. _961148 |
|
| 830 | 0 |
_aBiblioteca del hombre contemporáneo _n14 _961149 |
|
| 999 |
_c34847 _d34847 |
||